Statistiques concernant Mathématiques rapides - Racines carrées

Cliquez ici pour prendre le quiz!

Statistiques générales

  • Ce quiz a été pris 541 fois
  • Le résultat moyen est 13 sur 20

Statistiques - réponses

problèmesolution% Correct
255
92%
93
91%
819
91%
42
90%
648
90%
11
89%
14412
88%
164
88%
366
88%
497
86%
12111
81%
40020
81%
10010
80%
22515
76%
19614
73%
90030
72%
44121
71%
250050
71%
16913
68%
62525
68%
25616
67%
360060
62%
160040
61%
32418
60%
36119
60%
28917
59%
48422
59%
78428
55%
108933
53%
72927
52%
96131
52%
102432
52%
52923
51%
67626
50%
122535
49%
129636
48%
144438
48%
202545
47%
136937
46%
152139
45%
57624
44%
302555
44%
84129
43%
220947
43%
240149
43%
184943
41%
313656
41%
115634
40%
211646
33%
280953
33%
230448
32%
336458
32%
348159
32%
291654
30%
176442
29%
260151
29%
168141
26%
324957
25%
270452
22%
193644
19%

Distribution des résultats

Percentile par nombre de réponses

% des personnes avec chaque résultat

Votre développement - résultats

Vous n’avez pas pris ce quiz